[Event "Budapest One Week GM 02"]
[Site "Budapest"]
[Date "2024.03.01"]
[Round "7"]
[White "Gaal, Zsoka"]
[Black "Paszewski, Mateusz"]
[Result "0-1"]
[WhiteElo "2363"]
[BlackElo "2294"]
[PlyCount "128"]
[EventDate "2024.02.26"]
[EventType "tourn"]
[EventRounds "9"]
[EventCountry "HUN"]
[EventCategory "6"]
[SourceTitle "CB11_2024"]
[SourceDate "2024.03.13"]
[SourceVersion "1"]
[SourceVersionDate "2024.03.13"]
[SourceQuality "1"]

1. Nf3 d5 2. g3 Nf6 3. Bg2 e6 4. 0-0 c5 5. d3 Nc6 6. Nbd2 Be7 7. e4 0-0 8. Re1 h6 9. e5 Nh7 10. h4 Qc7 11. Nf1 b5 12. Bf4 a5 13. N1h2 a4 14. a3 Bb7 15. Ng4 Rfc8 16. Nfh2 Bf8 17. Nxh6+ gxh6 18. Qg4+ Kh8 19. Qh5 Bg7 20. Ng4 Rg8 21. c4 bxc4 22. dxc4 Nd4 23. cxd5 Bxd5 24. Bxd5 exd5 25. e6 Qb7 26. exf7 Nf3+ 27. Kf1 Rgf8 28. Re8 Qb5+ 29. Kg2 Raxe8 30. fxe8Q Rxe8 31. Kxf3 Qd3+ 32. Kg2 Re2 33. Bxh6 Bd4 34. Qxd5 Nf6 35. Qd8+ Ng8 36. Bf4 Qe4+ 37. Kg1 Qf3 38. Be5+ Bxe5 39. Qg5 Bd4 40. Qh5+ Kg7 41. Qg5+ Kf7 42. Kh2 Nf6 43. Kh3 Qxg4+ 44. Qxg4 Nxg4 45. Kxg4 Rxf2 46. h5 Rxb2 47. Rf1+ Ke6 48. h6 Rh2 49. Re1+ Kf6 50. Rf1+ Kg6 51. Rf8 Ra2 52. Ra8 Rxa3 53. Ra6+ Kh7 54. Kh5 Rxg3 55. Ra7+ Kg8 56. Rxa4 Kf7 57. Ra6 Rg1 58. Rc6 Ke7 59. h7 Kd7 60. Ra6 Re1 61. Ra8 Kc6 62. Kg6 Rh1 63. Rc8+ Kd5 64. Rc7 Ke4 0-1

[Event "Budapest One Week GM 02"]
[Site "Budapest"]
[Date "2024.02.29"]
[Round "6"]
[White "Paszewski, Mateusz"]
[Black "Pasti, Aron"]
[Result "0-1"]
[WhiteElo "2294"]
[BlackElo "2365"]
[PlyCount "76"]
[EventDate "2024.02.26"]
[EventType "tourn"]
[EventRounds "9"]
[EventCountry "HUN"]
[EventCategory "6"]
[SourceTitle "CB11_2024"]
[SourceDate "2024.03.13"]
[SourceVersion "1"]
[SourceVersionDate "2024.03.13"]
[SourceQuality "1"]

1. Nf3 d5 2. d4 Nf6 3. c4 dxc4 4. e3 e6 5. Bxc4 c5 6. 0-0 a6 7. Qe2 b5 8. Bb3 Nc6 9. dxc5 Ne4 10. Bc2 Nxc5 11. Nc3 Bd6 12. a3 Nd7 13. b3 Bb7 14. Bb2 Nf6 15. Rfd1 Qe7 16. Ne4 Nxe4 17. Bxe4 e5 18. Rac1 Na5 19. Bxb7 Nxb7 20. Rc6 0-0 21. a4 bxa4 22. bxa4 a5 23. Rb6 e4 24. Qb5 exf3 25. Rxb7 Bxh2+ 26. Kf1 fxg2+ 27. Kxg2 Qe4+ 28. Kf1 h6 29. Rdd7 Rac8 30. Qh5 Qh1+ 31. Ke2 Rc2+ 32. Kd3 Qb1 33. Bxg7 Rb2+ 34. Kd4 Rxb7 35. Rxb7 Rd8+ 36. Kc3 Qxb7 37. Qxh6 Qb4+ 38. Kc2 Qxa4+ 0-1

[Event "Budapest One Week GM 02"]
[Site "Budapest"]
[Date "2024.02.27"]
[Round "2"]
[White "Paszewski, Mateusz"]
[Black "Bodi, Tibor"]
[Result "1-0"]
[WhiteElo "2294"]
[BlackElo "2294"]
[PlyCount "77"]
[EventDate "2024.02.26"]
[EventType "tourn"]
[EventRounds "9"]
[EventCountry "HUN"]
[EventCategory "6"]
[SourceTitle "CB11_2024"]
[SourceDate "2024.03.13"]
[SourceVersion "1"]
[SourceVersionDate "2024.03.13"]
[SourceQuality "1"]

1. e4 Nc6 2. Nf3 e5 3. d4 exd4 4. Nxd4 Bc5 5. Nb3 Bb6 6. Nc3 d6 7. Bf4 Nge7 8. Qd2 0-0 9. 0-0-0 a5 10. Bb5 Be6 11. Rhe1 Ng6 12. Be3 Bxe3 13. Qxe3 Qf6 14. g3 Na7 15. Be2 Bxb3 16. cxb3 Ne7 17. f4 Rfe8 18. h4 Nac6 19. h5 d5 20. e5 Qe6 21. Qf3 a4 22. Nxa4 Nb4 23. Kb1 d4 24. Bc4 Qf5+ 25. Re4 Nec6 26. Bd3 Nxd3 27. Rxd3 Qd7 28. a3 Qd5 29. Re1 Qb5 30. Rc1 Rxe5 31. Rxc6 Re1+ 32. Rc1 Rxc1+ 33. Kxc1 Re8 34. Rxd4 h6 35. Kb1 c5 36. Re4 Rd8 37. Qe2 c4 38. Nc3 Qf5 39. g4 1-0

[Event "Pozarevac Rudar GM-B 01"]
[Site "Pozarevac"]
[Date "2024.02.04"]
[Round "5.3"]
[White "Paszewski, Mateusz"]
[Black "Psyk, Radoslaw"]
[Result "1/2-1/2"]
[WhiteElo "2286"]
[BlackElo "2461"]
[PlyCount "114"]
[EventDate "2024.01.31"]
[EventType "tourn"]
[EventRounds "9"]
[EventCountry "SRB"]
[SourceTitle "CB07_2024"]
[SourceDate "2024.02.14"]
[SourceVersion "1"]
[SourceVersionDate "2024.02.14"]
[SourceQuality "1"]
[WhiteTeam "TIeam D"]
[BlackTeam "TIeam B"]
[WhiteTeamCountry "SRB"]
[BlackTeamCountry "SRB"]

1. e4 c5 2. Nf3 Nc6 3. Bb5 Nf6 4. Bxc6 dxc6 5. d3 Bg4 6. Nbd2 Nd7 7. h3 Bh5 8. b3 e5 9. Bb2 f6 10. Nf1 Be7 11. Ng3 Bf7 12. Ng1 Nf8 13. N1e2 Ne6 14. 0-0 Bd6 15. Bc1 Bc7 16. Be3 h5 17. Qd2 h4 18. Nh1 Qe7 19. f3 0-0-0 20. Nf2 g6 21. c3 f5 22. Qc2 Rd7 23. Rfd1 Rhd8 24. Kf1 Kb8 25. a3 Nf4 26. b4 c4 27. d4 Nxe2 28. Qxe2 f4 29. Bc1 exd4 30. cxd4 Rxd4 31. Rxd4 Rxd4 32. Kg1 Qd7 33. Ra2 g5 34. Rc2 Bb6 35. Kh2 Be6 36. Qe1 Qd8 37. Bb2 Rd7 38. Be5+ Kc8 39. Qc3 Bd4 40. Bxd4 Rxd4 41. a4 Kb8 42. Re2 a6 43. Rb2 b5 44. axb5 cxb5 45. Ra2 Kb7 46. Re2 Qb6 47. e5 Rd5 48. Ne4 Rd3 49. Qa1 Ka7 50. Nc5 Rd5 51. Nxa6 Qxa6 52. Ra2 Qxa2 53. Qxa2+ Kb7 54. Qa1 Rd3 55. Qa5 Rd5 56. Qa1 Rd2 57. Qa5 Rd5 1/2-1/2

[Event "Pozarevac Rudar GM 01"]
[Site "Pozarevac"]
[Date "2024.01.24"]
[Round "1.3"]
[White "Paszewski, Mateusz"]
[Black "Petrovic, Aleksa"]
[Result "1-0"]
[WhiteElo "2286"]
[BlackElo "2248"]
[PlyCount "77"]
[EventDate "2024.01.24"]
[EventType "tourn"]
[EventRounds "9"]
[EventCountry "SRB"]
[SourceTitle "CB06_2024"]
[SourceDate "2024.02.07"]
[SourceVersion "1"]
[SourceVersionDate "2024.02.07"]
[SourceQuality "1"]
[WhiteTeam "Team C"]
[BlackTeam "Team D"]
[WhiteTeamCountry "SRB"]
[BlackTeamCountry "SRB"]

1. e4 c6 2. d4 g6 3. Nf3 Bg7 4. h3 d5 5. e5 Nh6 6. Bf4 f6 7. Qd2 Nf7 8. Nc3 0-0 9. 0-0-0 b5 10. Bd3 a5 11. Rde1 a4 12. h4 b4 13. Nd1 b3 14. cxb3 axb3 15. a3 Ba6 16. e6 Nd6 17. h5 Bxd3 18. Qxd3 g5 19. h6 Bh8 20. Bxd6 Qxd6 21. Ne3 c5 22. Qf5 Qf4 23. Qxf4 gxf4 24. Nf5 Nc6 25. dxc5 Ra5 26. Kd2 Rd8 27. g3 Rxc5 28. Rc1 Rc4 29. gxf4 Kf8 30. Rhg1 Na5 31. N3d4 Rdc8 32. Rxc4 Nxc4+ 33. Ke2 Nxb2 34. Rb1 Na4 35. Rxb3 Nc3+ 36. Kf3 Ne4 37. Rb7 Re8 38. a4 Nc5 39. Ra7 1-0

[Event "Budapest One Week GM-A"]
[Site "Budapest"]
[Date "2023.08.25"]
[Round "6"]
[White "Droin, Augustin"]
[Black "Paszewski, Mateusz"]
[Result "1-0"]
[WhiteElo "2463"]
[BlackElo "2278"]
[PlyCount "93"]
[EventDate "2023.08.21"]
[EventType "tourn"]
[EventRounds "9"]
[EventCountry "HUN"]
[EventCategory "6"]
[SourceTitle "CBM 215 Extra"]
[Source "ChessBase"]
[SourceDate "2023.09.30"]
[SourceVersion "1"]
[SourceVersionDate "2023.09.30"]
[SourceQuality "1"]

1. e4 c5 2. Nf3 Nc6 3. Bb5 g6 4. 0-0 Bg7 5. c3 e5 6. d4 exd4 7. cxd4 cxd4 8. Bf4 a6 9. Bc4 d6 10. Qb3 Na5 11. Bxf7+ Ke7 12. Qd5 Nf6 13. Bg5 Rf8 14. e5 dxe5 15. Qxd8+ Kxd8 16. Nxe5 Nc6 17. Nxc6+ bxc6 18. Bb3 h6 19. Bd2 a5 20. Rd1 Ne4 21. Bxh6 Bxh6 22. Rxd4+ Kc7 23. Rxe4 Bf5 24. Re7+ Kd6 25. Rh7 Rh8 26. Rxh8 Rxh8 27. Na3 Kc5 28. Bc2 Bg7 29. Bxf5 Bxb2 30. Rb1 Bxa3 31. Bxg6 Kd4 32. Rb3 Bc5 33. g4 Ke5 34. Rc3 Kd4 35. Rf3 Bd6 36. h3 Bc7 37. Rd3+ Ke5 38. Rd7 Bb6 39. Kg2 Rd8 40. Rf7 Rd2 41. Rf5+ Kd6 42. Bf7 Bd4 43. g5 c5 44. h4 Ke7 45. h5 Rc2 46. h6 c4 47. g6 1-0

[Event "Budapest One Week GM-A"]
[Site "Budapest"]
[Date "2023.08.23"]
[Round "4"]
[White "Mathieu, Phileas"]
[Black "Paszewski, Mateusz"]
[Result "0-1"]
[WhiteElo "2357"]
[BlackElo "2278"]
[PlyCount "70"]
[EventDate "2023.08.21"]
[EventType "tourn"]
[EventRounds "9"]
[EventCountry "HUN"]
[EventCategory "6"]
[SourceTitle "CBM 215 Extra"]
[Source "ChessBase"]
[SourceDate "2023.09.30"]
[SourceVersion "1"]
[SourceVersionDate "2023.09.30"]
[SourceQuality "1"]

1. e4 c6 2. d4 d5 3. Nd2 dxe4 4. Nxe4 Nf6 5. Nxf6+ exf6 6. c3 Bd6 7. Bd3 0-0 8. Qc2 Re8+ 9. Ne2 h5 10. Be3 Nd7 11. 0-0-0 b5 12. d5 c5 13. Bxb5 Rb8 14. Bc6 Re7 15. Rhe1 Ne5 16. Qa4 Bf5 17. Nf4 Qb6 18. Qb3 Qc7 19. Qa4 Nxc6 20. Qxc6 Bxf4 21. Qxc7 Bxe3+ 22. Rxe3 Rxc7 23. c4 Rcb7 24. b3 a5 25. Kb2 a4 26. Rde1 Kf8 27. Rf3 Bd7 28. Re4 Bg4 29. Rc3 Re7 30. Rxe7 Kxe7 31. Re3+ Kd6 32. Kc3 Bd7 33. Re2 Re8 34. Rb2 a3 35. Rd2 Re1 0-1

[Event "Titled Tuesday intern op 15th Aug Late"]
[Site "Chess.com INT"]
[Date "2023.08.15"]
[Round "11"]
[White "Jakic, Ivan"]
[Black "Paszewski, Mateusz"]
[Result "0-1"]
[WhiteElo "2333"]
[BlackElo "2278"]
[PlyCount "94"]
[EventDate "2023.08.15"]
[EventType "swiss (blitz)"]
[EventRounds "11"]
[EventCountry "USA"]
[SourceTitle "EXT 2024"]
[Source "ChessBase"]
[SourceDate "2023.10.10"]
[SourceVersion "1"]
[SourceVersionDate "2023.10.10"]
[SourceQuality "1"]

1. e4 c5 2. Nf3 Nf6 3. e5 Nd5 4. Nc3 Nxc3 5. dxc3 e6 6. Bf4 Qb6 7. Rb1 Nc6 8. Bd3 h6 9. 0-0 Qc7 10. Re1 b6 11. h4 Bb7 12. Qe2 Be7 13. a3 0-0-0 14. b4 g5 15. hxg5 hxg5 16. Nxg5 Rh4 17. Nh3 Rg8 18. Bg3 Rhg4 19. Be4 Bh4 20. Bf3 Rxg3 21. fxg3 Bxg3 22. Rf1 Bxe5 23. bxc5 Bxc3 24. cxb6 Bd4+ 25. Kh1 Bxb6 26. Qc4 Kb8 27. a4 Qg3 28. Qf4+ Qxf4 29. Nxf4 Kc7 30. a5 Nxa5 31. Bxb7 Nxb7 32. Rf3 Nd6 33. Nd3 f5 34. g3 Ne4 35. Rb4 Nxg3+ 36. Kh2 Ne4 37. Rc4+ Kd8 38. Nf4 Ke7 39. Ra4 Bg1+ 40. Kh3 Ng5+ 41. Kg2 Nxf3+ 42. Kxf3 Bb6 43. Nd3 Kf6 44. c4 d6 45. Ra1 e5 46. Ke2 Rg2+ 47. Kf1 Rg1+ 0-1

[Event "Titled Tuesday intern op 15th Aug Late"]
[Site "Chess.com INT"]
[Date "2023.08.15"]
[Round "9"]
[White "Paszewski, Mateusz"]
[Black "Cordova, Emilio"]
[Result "0-1"]
[WhiteElo "2278"]
[BlackElo "2538"]
[PlyCount "64"]
[EventDate "2023.08.15"]
[EventType "swiss (blitz)"]
[EventRounds "11"]
[EventCountry "USA"]
[SourceTitle "EXT 2024"]
[Source "ChessBase"]
[SourceDate "2023.10.10"]
[SourceVersion "1"]
[SourceVersionDate "2023.10.10"]
[SourceQuality "1"]

1. Nf3 d5 2. e3 c6 3. c4 Nf6 4. Nc3 e6 5. b3 Be7 6. Bb2 0-0 7. Be2 a6 8. Qc2 b5 9. Rg1 Bb7 10. g4 c5 11. g5 Ne8 12. h4 Nc6 13. a3 bxc4 14. bxc4 d4 15. Ne4 e5 16. Bd3 Kh8 17. h5 Rb8 18. Nh4 Ba8 19. Rb1 Na5 20. Nf5 Rb3 21. Ke2 Qd7 22. Nxe7 Qxe7 23. Ba1 Rxa3 24. Rb6 Nc6 25. Bb2 Nb4 26. Rxb4 cxb4 27. Bxa3 bxa3 28. Ra1 f5 29. gxf6 Nxf6 30. Rg1 a2 31. Ng5 e4 32. Bxe4 Nxe4 0-1

[Event "Titled Tuesday intern op 15th Aug Late"]
[Site "Chess.com INT"]
[Date "2023.08.15"]
[Round "2"]
[White "Paszewski, Mateusz"]
[Black "Keymer, Vincent"]
[Result "0-1"]
[WhiteElo "2278"]
[BlackElo "2701"]
[PlyCount "88"]
[EventDate "2023.08.15"]
[EventType "swiss (blitz)"]
[EventRounds "11"]
[EventCountry "USA"]
[SourceTitle "EXT 2024"]
[Source "ChessBase"]
[SourceDate "2023.10.10"]
[SourceVersion "1"]
[SourceVersionDate "2023.10.10"]
[SourceQuality "1"]

1. Nf3 d5 2. g3 Bg4 3. Bg2 c6 4. Ne5 Bh5 5. c4 e6 6. 0-0 Nd7 7. Nxd7 Qxd7 8. cxd5 exd5 9. d3 Nf6 10. Nc3 Bc5 11. Qc2 Bb6 12. Bg5 Qf5 13. Bd2 0-0 14. e4 dxe4 15. dxe4 Qe6 16. h3 Rad8 17. Na4 Bd4 18. Bc3 Rfe8 19. Bxd4 Rxd4 20. Nc3 Red8 21. g4 Bg6 22. Rad1 h5 23. g5 Nxe4 24. Nxe4 Rxd1 25. Rxd1 Rxd1+ 26. Qxd1 Bxe4 27. Bxe4 Qxe4 28. Qd8+ Kh7 29. Qd7 Qd5 30. Qe7 a5 31. a3 b5 32. h4 a4 33. Qe2 g6 34. Kh2 Qd4 35. Kg3 Kg7 36. Qc2 Qg4+ 37. Kh2 Qxh4+ 38. Kg1 Qxg5+ 39. Kf1 Qd5 40. Qc3+ Kh7 41. Qf6 Qe6 42. Qd8 Qc4+ 43. Kg2 Qd5+ 44. Kg1 Qxd8 0-1

[Event "Kavala op 32nd"]
[Site "Kavala"]
[Date "2023.08.01"]
[Round "6"]
[White "Spyropoulos, Nikolaos"]
[Black "Paszewski, Mateusz"]
[Result "1-0"]
[WhiteElo "2432"]
[BlackElo "2278"]
[PlyCount "93"]
[EventDate "2023.07.28"]
[EventType "swiss"]
[EventRounds "9"]
[EventCountry "GRE"]
[SourceTitle "CBM 215 Extra"]
[Source "ChessBase"]
[SourceDate "2023.09.30"]
[SourceVersion "1"]
[SourceVersionDate "2023.09.30"]
[SourceQuality "1"]

1. e4 c6 2. d4 d5 3. e5 c5 4. dxc5 e6 5. Nf3 Bxc5 6. a3 Nd7 7. Bd3 Ne7 8. b4 Bb6 9. Bb2 Ng6 10. 0-0 0-0 11. Re1 Nf4 12. c4 Nxd3 13. Qxd3 dxc4 14. Qxc4 Bc7 15. Nc3 Nb6 16. Qg4 f5 17. exf6 Rxf6 18. Nb5 Rg6 19. Qe4 Nd5 20. Nxc7 Qxc7 21. Rad1 Bd7 22. Ne5 Rh6 23. Bc1 Rf6 24. Bg5 Rf5 25. Rxd5 exd5 26. Qxd5+ Kh8 27. Nf7+ Rxf7 28. Qxf7 Qd6 29. Bf4 Qd3 30. h3 Bc6 31. Re7 Rg8 32. Be5 Qb1+ 33. Kh2 Qg6 34. Qxg6 hxg6 35. f4 Kh7 36. g4 Kh6 37. Kg3 a6 38. Rc7 Be4 39. Re7 Bc6 40. h4 Kh7 41. g5 Bd5 42. h5 gxh5 43. f5 Be4 44. g6+ Kh8 45. Bxg7+ Rxg7 46. Rxe4 Rc7 47. f6 1-0

[Event "Kavala op 32nd"]
[Site "Kavala"]
[Date "2023.07.29"]
[Round "3"]
[White "Paszewski, Mateusz"]
[Black "Subelj, Jan"]
[Result "1/2-1/2"]
[WhiteElo "2278"]
[BlackElo "2508"]
[PlyCount "69"]
[EventDate "2023.07.28"]
[EventType "swiss"]
[EventRounds "9"]
[EventCountry "GRE"]
[SourceTitle "CBM 215 Extra"]
[Source "ChessBase"]
[SourceDate "2023.09.30"]
[SourceVersion "1"]
[SourceVersionDate "2023.09.30"]
[SourceQuality "1"]

1. e4 e6 2. d4 d5 3. e5 c5 4. c3 Nc6 5. Nf3 Bd7 6. Be2 f6 7. 0-0 fxe5 8. Nxe5 Nxe5 9. dxe5 Qc7 10. Bf4 Ne7 11. c4 Bc6 12. Nc3 d4 13. Nb5 Bxb5 14. cxb5 Nd5 15. Bg3 Qf7 16. Rc1 Be7 17. Bf3 0-0 18. Be4 g6 19. Qb3 Rfd8 20. Rfd1 Rac8 21. h4 Kg7 22. Rd3 Rf8 23. Rf3 Qg8 24. Rxf8 Rxf8 25. Qa4 Ra8 26. Qd1 Qf7 27. Qg4 h5 28. Qe2 Rd8 29. Rd1 Rf8 30. Bc2 Rc8 31. a3 Bd8 32. Rd3 Qe8 33. Rd1 Qf7 34. Rd3 Qe8 35. Rd1 1/2-1/2

[Event "Belgrade Serbia op"]
[Site "Belgrade"]
[Date "2023.07.22"]
[Round "7"]
[White "Paszewski, Mateusz"]
[Black "Kairbekova, Amina"]
[Result "1/2-1/2"]
[WhiteElo "2316"]
[BlackElo "2173"]
[PlyCount "68"]
[EventDate "2023.07.16"]
[EventType "swiss"]
[EventRounds "9"]
[EventCountry "SRB"]
[SourceTitle "CBM 215 Extra"]
[Source "ChessBase"]
[SourceDate "2023.09.30"]
[SourceVersion "1"]
[SourceVersionDate "2023.09.30"]
[SourceQuality "1"]

1. Nf3 Nf6 2. g3 g6 3. b3 Bg7 4. Bb2 0-0 5. Bg2 c5 6. c4 d6 7. d4 d5 8. Nbd2 cxd4 9. 0-0 Re8 10. cxd5 Nxd5 11. Nxd4 Nf4 12. gxf4 Bxd4 13. Bxd4 Qxd4 14. e3 Qf6 15. Rc1 Nc6 16. Ne4 Qh4 17. Qf3 a5 18. Qg3 Qxg3 19. hxg3 a4 20. Nc5 axb3 21. axb3 Rb8 22. Rfd1 Bg4 23. Rd2 Red8 24. Rb2 Nb4 25. Nxb7 Rd7 26. Nc5 Rc7 27. Rbb1 Rbc8 28. Rc4 Rxc5 29. Rxb4 Rc1+ 30. Rxc1 Rxc1+ 31. Kh2 Rc2 32. Kg1 Rc1+ 33. Kh2 Rc2 34. Kg1 Rc1+ 1/2-1/2

[Event "Belgrade Serbia op"]
[Site "Belgrade"]
[Date "2023.07.21"]
[Round "6"]
[White "Atalik, Suat"]
[Black "Paszewski, Mateusz"]
[Result "1-0"]
[WhiteElo "2438"]
[BlackElo "2316"]
[PlyCount "95"]
[EventDate "2023.07.16"]
[EventType "swiss"]
[EventRounds "9"]
[EventCountry "SRB"]
[SourceTitle "CBM 215 Extra"]
[Source "ChessBase"]
[SourceDate "2023.09.30"]
[SourceVersion "1"]
[SourceVersionDate "2023.09.30"]
[SourceQuality "1"]

1. d4 d5 2. c4 e6 3. Nc3 Nf6 4. cxd5 exd5 5. Bg5 Be7 6. e3 h6 7. Bh4 Bg4 8. f3 Be6 9. Bb5+ c6 10. Ba4 0-0 11. Nge2 Bf5 12. Bf2 b5 13. Ng3 Bh7 14. Bc2 Nbd7 15. Bxh7+ Kxh7 16. Nf5 g6 17. Nxe7 Qxe7 18. 0-0 Rfe8 19. Re1 Rac8 20. Qd2 a5 21. Ne2 a4 22. Nf4 Nb6 23. Nd3 Nfd7 24. e4 Qe6 25. Nf4 Qd6 26. e5 Qe7 27. b3 Nf8 28. Be3 h5 29. Nh3 Ne6 30. Bg5 Qa7 31. Bh4 Nd7 32. Rad1 Ndf8 33. g4 Ng7 34. b4 Qd7 35. Nf2 Nfe6 36. h3 Rh8 37. Bf6 Kg8 38. f4 Nf8 39. Qe3 Re8 40. Qg3 hxg4 41. hxg4 Nh7 42. f5 Kf8 43. Bxg7+ Kxg7 44. f6+ Kg8 45. Kg2 Qe6 46. Qf4 g5 47. Qc1 Kf8 48. Rh1 1-0

[Event "Belgrade Serbia op"]
[Site "Belgrade"]
[Date "2023.07.19"]
[Round "4"]
[White "Abdinova, Narmin"]
[Black "Paszewski, Mateusz"]
[Result "0-1"]
[WhiteElo "2110"]
[BlackElo "2316"]
[PlyCount "52"]
[EventDate "2023.07.16"]
[EventType "swiss"]
[EventRounds "9"]
[EventCountry "SRB"]
[SourceTitle "CBM 215 Extra"]
[Source "ChessBase"]
[SourceDate "2023.09.30"]
[SourceVersion "1"]
[SourceVersionDate "2023.09.30"]
[SourceQuality "1"]

1. e4 c6 2. Nc3 d5 3. Nf3 dxe4 4. Nxe4 Nf6 5. Qe2 Nxe4 6. Qxe4 Nd7 7. Bc4 Nf6 8. Ne5 e6 9. Qe2 b5 10. Bb3 Qc7 11. 0-0 Bd6 12. d4 0-0 13. c3 c5 14. Bc2 a6 15. h3 Bb7 16. Bg5 Nd5 17. Ng4 Rae8 18. a4 c4 19. axb5 axb5 20. Rfe1 f6 21. Bd2 h5 22. Ne5 fxe5 23. dxe5 Bc5 24. Qxh5 g6 25. Bxg6 Rxf2 26. Kh1 Nf6 0-1

[Event "Belgrade Serbia op"]
[Site "Belgrade"]
[Date "2023.07.18"]
[Round "3"]
[White "Paszewski, Mateusz"]
[Black "Ajay, Karthikeyan"]
[Result "0-1"]
[WhiteElo "2316"]
[BlackElo "2441"]
[PlyCount "80"]
[EventDate "2023.07.16"]
[EventType "swiss"]
[EventRounds "9"]
[EventCountry "SRB"]
[SourceTitle "CBM 215 Extra"]
[Source "ChessBase"]
[SourceDate "2023.09.30"]
[SourceVersion "1"]
[SourceVersionDate "2023.09.30"]
[SourceQuality "1"]

1. e4 c5 2. Nf3 d6 3. d4 Nf6 4. Nc3 cxd4 5. Nxd4 a6 6. h3 e6 7. g4 b5 8. Bg2 Bb7 9. 0-0 Nfd7 10. a4 bxa4 11. Rxa4 Be7 12. Rb4 Nc5 13. Rxb7 Nxb7 14. e5 d5 15. Nxd5 exd5 16. Nf5 0-0 17. Qxd5 Ra7 18. Nxe7+ Qxe7 19. Be3 Nd8 20. Bc5 Qd7 21. Qb3 Nbc6 22. Bxf8 Kxf8 23. f4 Rb7 24. Qa3+ Qe7 25. Qxa6 Qc5+ 26. Kh1 Rxb2 27. Qc8 Qxc2 28. Rg1 Qe2 29. Qf5 Kg8 30. Qc8 Rd2 31. Qc7 h6 32. Qc8 Ne7 33. Qa8 Ng6 34. f5 Nxe5 35. Rb1 Nec6 36. Rg1 Kh7 37. Qc8 Ne5 38. Qa8 Ndc6 39. f6 gxf6 40. Qf8 Nd4 0-1

[Event "Budapest SixDays 05 GM-B"]
[Site "Budapest"]
[Date "2023.06.01"]
[Round "9"]
[White "Low, Zhen Yu Cyrus"]
[Black "Paszewski, Mateusz"]
[Result "1-0"]
[WhiteElo "2416"]
[BlackElo "2279"]
[PlyCount "105"]
[EventDate "2023.05.27"]
[EventType "tourn"]
[EventRounds "9"]
[EventCountry "HUN"]
[EventCategory "6"]
[SourceTitle "CBM 214 Extra"]
[Source "ChessBase"]
[SourceDate "2023.07.31"]
[SourceVersion "1"]
[SourceVersionDate "2023.07.31"]
[SourceQuality "1"]

1. e4 c5 2. Nf3 Nc6 3. Bb5 g6 4. 0-0 Bg7 5. Re1 e5 6. Bxc6 dxc6 7. d3 Qc7 8. Nbd2 Ne7 9. a4 a5 10. Nc4 Be6 11. b3 0-0 12. Bd2 b6 13. Qc1 f6 14. Kh1 Rae8 15. Rb1 Nc8 16. Ng1 f5 17. exf5 gxf5 18. Nh3 Bd5 19. Bc3 Re7 20. Qg5 Kh8 21. Nxe5 Rxe5 22. Rxe5 Bxe5 23. Qf4 Bxg2+ 24. Kg1 Re8 25. Ng5 Kg8 26. Re1 Be4 27. Bxe5 Qxe5 28. Qxe5 Rxe5 29. f4 Re7 30. dxe4 h6 31. Nf3 fxe4 32. Ne5 Nd6 33. Kf2 Re6 34. Nxc6 Nf7 35. Na7 Kg7 36. Nb5 Kg6 37. Nc7 Rc6 38. Nd5 Re6 39. Rg1+ Kh7 40. f5 Rd6 41. c4 Ne5 42. Ke3 Nf3 43. Rg3 Ne5 44. Kxe4 Nd7 45. Kf4 Kh8 46. Re3 Kg7 47. Re7+ Kf8 48. Re6 Rxe6 49. fxe6 Nb8 50. Ke5 Nc6+ 51. Kd6 Nd4 52. e7+ Kf7 53. Kd7 1-0

[Event "Budapest SixDays 05 GM-B"]
[Site "Budapest"]
[Date "2023.05.30"]
[Round "6"]
[White "Paszewski, Mateusz"]
[Black "Sahithi Varshini, M."]
[Result "1-0"]
[WhiteElo "2279"]
[BlackElo "2249"]
[PlyCount "81"]
[EventDate "2023.05.27"]
[EventType "tourn"]
[EventRounds "9"]
[EventCountry "HUN"]
[EventCategory "6"]
[SourceTitle "CBM 214 Extra"]
[Source "ChessBase"]
[SourceDate "2023.07.31"]
[SourceVersion "1"]
[SourceVersionDate "2023.07.31"]
[SourceQuality "1"]

1. Nf3 d5 2. e3 e6 3. c4 Nf6 4. Nc3 c6 5. b3 Nbd7 6. Qc2 Bd6 7. Bb2 0-0 8. Be2 Qe7 9. Rg1 e5 10. g4 Nb6 11. g5 Ne8 12. 0-0-0 Be6 13. c5 Bxc5 14. Nxe5 a5 15. Bd3 g6 16. Ne2 a4 17. Kb1 axb3 18. axb3 Ng7 19. Nd4 Ba3 20. Ba1 Bd6 21. Nxe6 fxe6 22. f4 Bxe5 23. Bxe5 Nd7 24. Bb2 Ra7 25. h4 e5 26. fxe5 Nxe5 27. Rdf1 Rfa8 28. Qc3 Nxd3 29. Qxd3 Nf5 30. Rf4 Ra2 31. Qc3 d4 32. Qc4+ Kf8 33. e4 Qe5 34. Rgf1 b5 35. Qd3 Qd6 36. exf5 Rxb2+ 37. Kxb2 Qa3+ 38. Kc2 Qa2+ 39. Kd1 Qa1+ 40. Ke2 Re8+ 41. Kf2 1-0

[Event "Titled Tuesday intern op 09th May Late"]
[Site "Chess.com INT"]
[Date "2023.05.09"]
[Round "1"]
[White "Tarnowska, Aleksandra"]
[Black "Paszewski, Mateusz"]
[Result "0-1"]
[WhiteElo "1835"]
[BlackElo "2279"]
[PlyCount "54"]
[EventDate "2023.05.09"]
[EventType "swiss (blitz)"]
[EventRounds "11"]
[EventCountry "USA"]
[SourceTitle "CBM 214 Extra"]
[Source "ChessBase"]
[SourceDate "2023.07.31"]
[SourceVersion "1"]
[SourceVersionDate "2023.07.31"]
[SourceQuality "1"]

1. e4 c5 2. Nf3 g6 3. c3 Bg7 4. d4 cxd4 5. cxd4 d5 6. e5 Bg4 7. Bb5+ Nd7 8. 0-0 e6 9. h3 Bxf3 10. Qxf3 Ne7 11. Bg5 0-0 12. Bf6 a6 13. Bxd7 Qxd7 14. Nc3 Rac8 15. Rac1 Rc4 16. Ne2 Rfc8 17. Rc3 Nf5 18. Bxg7 Kxg7 19. Rfc1 b5 20. g4 Ne7 21. Qf6+ Kg8 22. h4 Nc6 23. h5 Qe7 24. Qf4 Nb4 25. Rxc4 dxc4 26. Rc3 Nd5 27. Qe3 Nxe3 0-1

[Event "EU-ch 23rd"]
[Site "Vrnjacka Banja"]
[Date "2023.03.09"]
[Round "7"]
[White "Paszewski, Mateusz"]
[Black "Levin, Guy"]
[Result "0-1"]
[WhiteElo "2270"]
[BlackElo "2419"]
[PlyCount "86"]
[EventDate "2023.03.03"]
[EventType "swiss"]
[EventRounds "11"]
[EventCountry "SRB"]
[SourceTitle "CBM 213"]
[Source "ChessBase"]
[SourceDate "2023.04.30"]
[SourceVersion "1"]
[SourceVersionDate "2023.04.30"]
[SourceQuality "1"]

1. e4 g6 2. d4 Bg7 3. Nf3 d6 4. Be3 a6 5. c4 Bg4 6. Nc3 Nc6 7. d5 Ne5 8. Be2 Bxf3 9. gxf3 c5 10. 0-0 h5 11. f4 Ng4 12. Bxg4 hxg4 13. Qxg4 Nf6 14. Qg2 Qd7 15. e5 dxe5 16. fxe5 Ng4 17. e6 Qc7 18. exf7+ Kxf7 19. h3 Nf6 20. Ne4 Nxe4 21. Qxe4 Qd7 22. Bxc5 Rac8 23. Qe6+ Qxe6 24. dxe6+ Kxe6 25. Rae1+ Kf5 26. Rxe7 Bf6 27. Ba3 Bxe7 28. Bxe7 Rxc4 29. Kg2 Re8 30. Bd6 Rc2 31. a4 Rxb2 32. a5 Rc8 33. Be7 Rb5 34. Ra1 Ke6 35. Bh4 g5 36. Bg3 Rcc5 37. Re1+ Kd7 38. Rd1+ Rd5 39. Rc1 Rdc5 40. Rd1+ Rd5 41. Rc1 Rbc5 42. Rb1 Kc8 43. Re1 Rxa5 0-1